书目信息 |
| 题名: |
一座书店一座城
|
|
| 作者: | 方菱 著 | |
| 分册: | ||
| 出版信息: | 北京 新世界出版社 2017 |
|
| 页数: | 260页 | |
| 开本: | 21cm | |
| 丛书名: | ||
| 单 册: | ||
| 中图分类: | G239.23 | |
| 科图分类: | ||
| 主题词: | 书店--shu dian--经营管理--台湾 | |
| 电子资源: | ||
| ISBN: | 978-7-5104-6360-0 | |
| 000 | 01060nam0 2200265 450 | |
| 001 | 012017000003 | |
| 005 | 20180111090351.97 | |
| 010 | @a978-7-5104-6360-0@b@dCNY39.00 | |
| 100 | @a20171011d2017 em y0chiy0121 ea | |
| 101 | 0 | @achi |
| 102 | @aCN@b110000 | |
| 105 | @ay z 000yy | |
| 106 | @ar | |
| 200 | 1 | @a一座书店一座城@Ayi zuo shu dian yi zuo cheng@e诚品书店的发展逻辑@f方菱著@g |
| 210 | @a北京@c新世界出版社@d2017 | |
| 215 | @a260页@c@d21cm | |
| 314 | @a方菱, 曾在媒体工作, 采访过国内外多位作家、学者。 | |
| 330 | @a台湾诚品书店成立近30年, 以图书种类丰富、格调高雅、氛围安静、服务周到而独具特色, 具有很强的品牌影响力, 堪称亚洲书店行业的标杆, 曾获选《时代》杂志亚洲版“亚洲最佳书店”。本书讲述了台湾诚品书店的经营理念, 它是如何成为文化地标、文青打卡圣地和必去的观光景点。 | |
| 517 | 1 | @a诚品书店的发展逻辑@Acheng pin shu dian de fa zhan luo ji |
| 606 | 0 | @a书店@Ashu dian@x经营管理@y台湾 |
| 690 | @aG239.23@v5 | |
| 701 | 0 | @a方菱@Afang ling@4著 |
| 801 | 0 | @aCN@b湖北三新@c20171106@g |
| 905 | @aBZT@dG239.23@e2 | |
| 906 | @dCNY39.00@n5@r1 | |
| 一座书店一座城:诚品书店的发展逻辑/方菱著.-北京:新世界出版社,2017 |
| 260页;21cm |
| ISBN 978-7-5104-6360-0:CNY39.00 |
| 台湾诚品书店成立近30年, 以图书种类丰富、格调高雅、氛围安静、服务周到而独具特色, 具有很强的品牌影响力, 堪称亚洲书店行业的标杆, 曾获选《时代》杂志亚洲版“亚洲最佳书店”。本书讲述了台湾诚品书店的经营理念, 它是如何成为文化地标、文青打卡圣地和必去的观光景点。 |
| ● |
| 相关链接 |
|
|
|
正题名:一座书店一座城
索取号:G239.23/2
 
预约/预借
| 序号 | 登录号 | 条形码 | 馆藏地/架位号 | 状态 | 备注 |
| 1 | 845390 | 2000845390 | 第二书库/ [索取号:G239.23/2] | 在馆 | |
| 2 | 845391 | 2000845391 | 第二书库/ [索取号:G239.23/2] | 在馆 | |
| 3 | 845392 | 2000845392 | 第二书库/ [索取号:G239.23/2] | 在馆 | |
| 4 | 845393 | 2000845393 | 第二书库/ [索取号:G239.23/2] | 在馆 | |
| 5 | 845394 | 2000845394 | 第二书库/ [索取号:G239.23/2] | 在馆 |